| 000 | 00981pam a2200277 a 4500 | ||
|---|---|---|---|
| 001 | 1950855 | ||
| 005 | 20170105102428.0 | ||
| 008 | 871009s1988 nyu b 001 0 eng | ||
| 010 | _a 87030439 | ||
| 020 | _a0195053303 (alk. paper) | ||
| 020 | _a0195053311 (pbk. : alk. paper) | ||
| 040 |
_aDLC _cDLC _dDLC |
||
| 050 | 0 | 0 |
_aPE1475 _b.S75 1988 |
| 082 | 0 | 0 |
_a808.066607 BEE _219 |
| 245 | 0 | 0 |
_aSolving problems in technical writing _cedited by Lynn Beene and Peter White. |
| 260 |
_aNew York : _bOxford University Press, _c1988. |
||
| 300 |
_aviii, 241 p. ; _c24 cm. |
||
| 504 | _aIncludes bibliographies and index. | ||
| 650 | 0 |
_aEnglish language _xRhetoric _xStudy and teaching. |
|
| 650 | 0 |
_aTechnical writing _xStudy and teaching. |
|
| 700 | 1 | _aBeene, Lynn. | |
| 700 | 1 |
_aWhite, Peter, _d1947- |
|
| 856 | 4 | 2 |
_3Publisher description _uhttp://www.loc.gov/catdir/enhancements/fy0638/87030439-d.html |
| 906 |
_a7 _bcbc _corignew _d1 _eocip _f19 _gy-gencatlg |
||
| 942 |
_2ddc _cBK |
||
| 999 |
_c13777 _d13777 |
||